Návrh konštrukcie a montáže meracieho prípravku
Saved in:
| Main Author: | |
|---|---|
| Other Authors: | |
| Format: | Manuscript Book |
| Language: | Slovak |
| Published: |
2025
|
| Subjects: | |
| Online Access: | http://is.stuba.sk/zp/portal_zp.pl?podrobnosti=186412 |
| Tags: |
No Tags, Be the first to tag this record!
|
MARC
| LEADER | 00000ntm a22000003a 4500 | ||
|---|---|---|---|
| 001 | stuzp104182 | ||
| 003 | SK-STU | ||
| 005 | 20250628211313.7 | ||
| 007 | ta | ||
| 008 | 150427s2015----xo-----f-mn---000-0-slo-d | ||
| 040 | |a STU |b slo | ||
| 041 | 0 | |a slo | |
| 100 | 1 | |a Fuňák, Matej |u 063000 |4 aut |U MTF Materiálovotechnologická fakulta |T MTF Ústav výrobných technológií |X 116570 |U M3000 |Y 83 |7 116570 | |
| 242 | 0 | 1 | |a Design of the Construction and Assembly of a Measuring Fixture |y eng |
| 245 | 1 | 0 | |a Návrh konštrukcie a montáže meracieho prípravku |
| 260 | |c 2025 | ||
| 650 | 4 | |a Merací prípravok |2 slo | |
| 650 | 4 | |a Konštrukcia |2 slo | |
| 650 | 4 | |a Priemysel |2 slo | |
| 650 | 4 | |a Montáž |2 slo | |
| 650 | 4 | |a Výlisok |2 slo | |
| 650 | 4 | |a Assembly |2 eng | |
| 650 | 4 | |a Design |2 eng | |
| 650 | 4 | |a Measuring Fixture |2 eng | |
| 650 | 4 | |a Industry |2 eng | |
| 650 | 4 | |a Molded Part |2 eng | |
| 700 | 1 | |a Václav, Štefan |u 063600 |k Z1 |4 ths |U MTF Ústav výrobných technológií |T MTF Katedra obrábania a tvárnenia |X 2778 |U M3600 |Y 841 |7 A000002778 | |
| 856 | 4 | |u http://is.stuba.sk/zp/portal_zp.pl?podrobnosti=186412 | |
| 996 | |c M* BP-9915 |l MMSKP |s P |a 0 |w stuzp104182_0001 | ||